000 00487nam a2200181Ia 4500
008 100917s9999 xx 000 0 und d
082 _b188
100 _aदेवगिरीकर त्र्यंबक रघुनाथ
245 _aफेडरेशन
260 _b---
_c1838
300 _a508
365 _b0
520 _aइतिहास
630 _aफेडरेशन
650 _aइतिहास
730 _aफेडरेशन
942 _cBOOK
999 _c605582
_d605579